| Поле | Инд. | ПП | Название | Значение |
|---|---|---|---|---|
| Тип записи | a | |||
| Библиографический уровень | b | |||
| 001 | Контрольный номер | UNIDUBNA2dc9b334accc4f13b18d44cf853a3f0f | ||
| 005 | Дата корректировки | 20240205174312.4 | ||
| 008 | Кодируемые данные | 20170331 | ||
| 040 | b | Код языка каталог. | rus | |
| e | Правила каталог. | PSBO | ||
| 041 | 0_ | a | Код языка текста | rus |
| 084 | a | Индекс другой классификации/Индекс ББК | 60.992-35-38 | |
| 100 | 1_ | a | Автор | Курилович Н. В. |
| q | Полное имя | Курилович Надежда Васильевна | ||
| 245 | 10 | a | Заглавие | Практическая модель "Сиделка (помощник по уходу)" реализации пилотного проекта системы долговременного ухода в регионе на примере некоммерческой организации |
| 520 | 0_ | a | Аннотация | Раскрываются цели и задачи системы долговременного ухода за немобильными пожилыми людьми. Рассматривается опыт реализации пилотного проекта в рамках деятельности некоммерческой организации. Анализируются основные блоки практической модели "Сиделка (помощник по уходу)" реализации системы долговременного ухода и методы контроля за работой сиделок. |
| 650 | 14 | a | Основная рубрика | социальная работа |
| 653 | 0_ | a | Ключевые слова | волонтерство |
| a | Ключевые слова | геронтоволонтерство | ||
| a | Ключевые слова | комплексное сопровождение | ||
| a | Ключевые слова | коррекционно-реабилитационные технологии | ||
| a | Ключевые слова | метод анализа целевых групп | ||
| a | Ключевые слова | некоммерческие организации (НКО) | ||
| a | Ключевые слова | немобильные граждане | ||
| a | Ключевые слова | патронаж | ||
| a | Ключевые слова | повышение квалификации | ||
| a | Ключевые слова | пожилые люди | ||
| a | Ключевые слова | помощь на дому | ||
| a | Ключевые слова | помощь по уходу | ||
| a | Ключевые слова | психологическое сопровождение | ||
| a | Ключевые слова | сиделка (помощник по уходу) | ||
| a | Ключевые слова | социально-психологическое сопровождение | ||
| a | Ключевые слова | уход за пожилыми | ||
| 773 | 08 | t | Заглавие источника | Отечественный журнал социальной работы |
| d | Дата издания источника | 2021 | ||
| g | Прочая информация | № 4. - С. 65 - 70 : табл. | ||
| w | Контрольный № источника | UNIDUBNAccfe7b06e42c465b9d2bcff6f460f4e0 | ||
| 901 | t | Тип документа | b |